Brewer Consulting Home Page (Record no. 119560)

MARC details
000 -LEADER
fixed length control field 00844cam a2200193 4500
001 - CONTROL NUMBER
control field WS107567
008 - FIXED-LENGTH DATA ELEMENTS--GENERAL INFORMATION
fixed length control field 000000n 000 0 eng u
035 ## - SYSTEM CONTROL NUMBER
System control number (Sirsi) u107567
110 ## - MAIN ENTRY--CORPORATE NAME
Corporate name or jurisdiction name as entry element Brewer Consulting
9 (RLIN) 3916
245 ## - TITLE STATEMENT
Title Brewer Consulting Home Page
520 ## - SUMMARY, ETC.
Summary, etc. Web site for this company providing consultancy services on construction procurement and dispute resolution. Includes an archive of abstracts of articles written by Geof Brewer for 'Contract Journal' describing legal cases which have an impact on the construction industry.
650 ## - SUBJECT ADDED ENTRY--TOPICAL TERM
Topical term or geographic name entry element Procurement-old
650 ## - SUBJECT ADDED ENTRY--TOPICAL TERM
Topical term or geographic name entry element DISPUTE RESOLUTION
9 (RLIN) 6236
650 ## - SUBJECT ADDED ENTRY--TOPICAL TERM
Topical term or geographic name entry element CASE LAW
650 ## - SUBJECT ADDED ENTRY--TOPICAL TERM
Topical term or geographic name entry element Contracts
9 (RLIN) 6232
690 ## - LOCAL SUBJECT ADDED ENTRY--TOPICAL TERM (OCLC, RLIN)
Topical term or geographic name as entry element BUILT ENVIRONMENT-BUILDING CONTRACT FORMS
856 40 - ELECTRONIC LOCATION AND ACCESS
Uniform Resource Identifier <a href="https://www.brewer-con.co.uk">https://www.brewer-con.co.uk</a>
Public note View the website free of charge at www.brewer.con.co.uk...
942 ## - ADDED ENTRY ELEMENTS (KOHA)
Suppress in OPAC 0
Holdings
Withdrawn status Lost status Source of classification or shelving scheme Damaged status Not for loan Home library Current library Shelving location Date acquired Total Checkouts Full call number Barcode Date last seen Copy number Price effective from Koha item type
    Dewey Decimal Classification     Virtual Virtual Online 04/08/2000   WEB SITE 107567-2001 06/08/2019 1 06/08/2019 Online material